MAASAI MARA UNIVERSITY

LIBRARY CATALOGUE

Contact Us: +254 020 2685356/7 or 0774 057787

Box: 861-20500, NAROK, KENYA

Email: info@mmarau.ac.ke

_How to become wise A collection of Quotes, sayings and Proverbs for Teaching, Preaching and Counselling Omole Joseph (Record no. 6549)

MARC details
000 -LEADER
fixed length control field 00473nam a2200145Ia 4500
008 - FIXED-LENGTH DATA ELEMENTS--GENERAL INFORMATION
fixed length control field 151021s9999 xx 000 0 und d
020 ## - INTERNATIONAL STANDARD BOOK NUMBER
International Standard Book Number 996690980x
050 ## - LIBRARY OF CONGRESS CALL NUMBER
Classification number BF 637.O52 2009
245 ## - TITLE STATEMENT
Title _How to become wise A collection of Quotes, sayings and Proverbs for Teaching, Preaching and Counselling Omole Joseph
260 ## - PUBLICATION, DISTRIBUTION, ETC. (IMPRINT)
Place of publication, distribution, etc. Nairobi Scangraphics 2008
300 ## - PHYSICAL DESCRIPTION
Extent 148p.
650 ## - SUBJECT ADDED ENTRY--TOPICAL TERM
Topical term or geographic name as entry element _Becoming wise
700 ## - ADDED ENTRY--PERSONAL NAME
Personal name _Omole Daniel
980 ## - EQUIVALENCE OR CROSS-REFERENCE-SERIES STATEMENT--PERSONAL NAME/TITLE [LOCAL, CANADA]
Personal name ^d20110308 03:59:38^oanne

No items available.

© 2016 Maasai Mara University.